1606 1746 1999 1141 1047 1292 1830 1555 1873 1543 1566 1183 1471 1371 1713 1563 1159 1579 1055 1576 1912 1491 1845 1145 1993 1448 1962 1142 1130 1960 1847 1162 1832 1163 1462 1990 1606 1115 1526 1168 1949 1075 1248 1343 1733 1221 1826 1584 1125 1545 1486 1961 1015 1543 1336 1058 1328 1196 1352 1955 1843 1663 1559 1325 1995 1271 1405 1572 1307 1961 1827 1929 1153 1732 1664 1591 1863 1174 1501 1106 1371 1976 1609 1196 1663 1560 1176 1646 1614 1836 1064 1785 1681 1349 1460 1678 1832 1607 1201 BCNSPRNW ULIB Ver.6.0+V

เปลี่ยนเป็นภาษาไทย

Change to English
 แสดงรายละเอียดบรรณานุกรม
  กลับหน้าหลัก

Brief Record : Get Marc (ISO 2709) : E-mail record : QR code < ปิดหน้าต่าง
LEADER : 00000nam 2200000uu 4500
001    13399111748
003     ULIB
008    110707s2552||||th 000 0 tha d
020    9786167162003
050 04 DS566^bส732ท 2552
100 0  สิริยากร พุกกะเวส
245 00 เที่ยวเชียงใหม่ ประวัติศาสตร์ พิพิธภัณฑ์ แกลเลอรี่ ตลาด ร้านอาหาร คาเฟ่ ช้อปปิ้ง โรงแรม ฯลฯ =^bWe love Chiang Mai/^cสิริยากร พุกกะเวส,บรรณษธิการ
246 31 We love Chiang Mai
250    พิมพ์ครั้งที่ 2
260    กรุงเทพฯ :^bOOM,^c2552
300    185 หน้า :^bภาพประกอบ
651  7 เชียงใหม่^xภูมิประเทศและการท่องเที่ยว
945    ^p265^l0^i027614
945    ^p265^l0^i027613
995    ทศพร
999 ^a ใช้งานได้ทุกระบบ
รายการนี้ยังไม่มีแท็ก
คุณยังไม่ได้ล็อกอิน คุณสามารถมีกิจกรรมร่วมกับเว็บไซต์ได้ แต่ต้องล็อกอินก่อน ::
  ล็อกอิน

รายการสื่อสารสนเทศ

ลำดับที่ ประเภท เลขเรียก/บาร์โค้ด สถานที่ สถานะ
- ไม่พบข้อมูล -

BibComment


ยังไม่เคยถูกคอมเมนท์

คอมเมนท์ทรัพยากรรายการนี้
  คอมเมนท์: เที่ยวเชียงใหม่ ป..


 Copyright 2026. Bcnsprnw @Library